Лінгвістичний аналіз статей британського щотижневика The Economist: суспільно-політична тематика (Запис № 285366)

МАРК-запис
000 -LEADER
fixed length control field 02634nam a22001577a 4500
041 ## - LANGUAGE CODE
Language code of text/sound track or separate title ukr
080 ## - UNIVERSAL DECIMAL CLASSIFICATION NUMBER
Universal Decimal Classification number 09
090 ## - LOCALLY ASSIGNED LC-TYPE CALL NUMBER (OCLC); LOCAL CALL NUMBER (OCLC)
Local cutter number (OCLC) ; Book number/undivided call number, CALL (RLIN) ШМА
100 ## - MAIN ENTRY--PERSONAL NAME
Personal name Шмакова, Т. І.
245 ## - TITLE STATEMENT
Title Лінгвістичний аналіз статей британського щотижневика The Economist: суспільно-політична тематика
260 ## - PUBLICATION, DISTRIBUTION, ETC. (IMPRINT)
Place of publication, distribution, etc Острог
Name of publisher, distributor, etc КАФ
Date of publication, distribution, etc 2014
300 ## - PHYSICAL DESCRIPTION
Extent 116
520 ## - SUMMARY, ETC.
Summary, etc Вступ.<br/>Розділ І. Жанрові особливості публіцистичних текстів як різновиду масової комунікації.<br/>1.1. Публіцистичний стиль як функціональний стиль мови<br/>1.2. Лексичні особливості публіцистичних текстів<br/>1.3. Функціональні особливості суспільно-політичних термінів<br/>Розділ ІІ. Стилістичні особливості статей британського щотижневика The Economist.<br/>2.1. Характеристика семантико-стилістичних особливостей щотижневика<br/>2.2. Тематична класифікація політичнихтериінів<br/>2.2.1. Загальнополітична термінологія<br/>2.2.2. Термінологія внутрішньої політики<br/>2.2.3. Терміни зовнішньої політики<br/>Розділ ІІІ. Структурно-семантичний аналіз статей щотижневика The Economist.<br/>3.1. Структурна класифікація суспільно-політичної лексики<br/>3.2. Лексико-семантична класифікація суспільно-політичної термінології<br/>Розділ IV. Принципи організації та функціонування системи управління охороною праці на підприємстві.<br/>4.1. Законодавча та нормативна база охорона праці в Україні щодо СУОП на підприємстві<br/>4.2. Організаційна структура управління охороною праці на підприємстві<br/>4.3. Планування і стимулювання заходів з охорони праціна підприємстві<br/>Висновки.<br/>Список використаних джерел.<br/>Додатки.
-- термінологія, підліцистичний текст, The Economist
650 ## - SUBJECT ADDED ENTRY--TOPICAL TERM
Topical term or geographic name as entry element Research Papers
942 ## - ADDED ENTRY ELEMENTS (KOHA)
Koha item type Книги
Фонди
Withdrawn status Lost status Source of classification or shelving scheme Damaged status Not for loan Home library Current library Date acquired Source of acquisition Cost, normal purchase price Total Checkouts Full call number Barcode Date last seen Price effective from Koha item type
    Universal Decimal Classification     ВІЛ - Відділ іноземн. літератури НБ ВІЛ - Відділ іноземн. літератури НБ 17/06/2014 Акт №8 1.00   09 215643 09/11/2021 17/06/2014 Книги